Statistics for Last Week Tonight Season 1 Episodes

Click here to take the quiz!

General Stats

  • This quiz has been taken 5 times
  • The average score is 7 of 24

Answer Stats

#Main Segment% Correct
2.Capital Punishment
67%
5.Net Neutrality
67%
23.American Legislative Exchange Council
33%
9.Burwell v. Hobby Lobby
33%
20.Civil Asset Forfeiture
33%
19.Drones
33%
8.Dr. Oz
33%
6.FIFA
33%
7.Immigration Reform
33%
11.Incarceration in the United States
33%
24.Lotteries
33%
12.Nuclear Weapons and the United States
33%
14.Payday Loans
33%
15.Police Militarization
33%
1.POM Wonderful LLC v. Coca-Cola Co.
33%
4.Right to be forgotten
33%
21.Special Immigrant Visa
33%
16.Student Debt
33%
18.United States embargo against Cuba / Miss America 2015
33%
3.Global Warming
0%
10.Income Inequality
0%
13.Native Advertising
0%
17.Scottish Independence Referendum
0%
22.Sugar
0%

Score Distribution

Percentile by Number Answered

Percent of People with Each Score

Your Score History

You have not taken this quiz